Úroveň vzťahov k zákazníkom v slovenských podnikoch

Riadenie vzťahov so zákazníkmi je komplexná stratégia a proces získavania, udržiavania a združovania s vybranými zákazníkmi s cieľom vytvoriť prvotriednu hodnotu pre spoločnosť a zákazníka. Zahŕňa integráciu funkcií marketingu, predaja, služieb zákazníkom a dodávateľského reťazca organizácie za účel...

Descrizione completa

Salvato in:
Dettagli Bibliografici
Autore principale: Lendel, Viliam
Natura: Capitolo di libro
Lingua:slovacco
Soggetti:
Tags: Aggiungi Tag
Nessun Tag, puoi essere il primo ad aggiungerne!!

MARC

LEADER 00000nla$a2200000$$$4500
001 0124613
005 20220715122500.2
041 0 |a slo 
044 |a CZ 
245 1 0 |a Úroveň vzťahov k zákazníkom v slovenských podnikoch  |c Viliam Lendel 
520 |a Riadenie vzťahov so zákazníkmi je komplexná stratégia a proces získavania, udržiavania a združovania s vybranými zákazníkmi s cieľom vytvoriť prvotriednu hodnotu pre spoločnosť a zákazníka. Zahŕňa integráciu funkcií marketingu, predaja, služieb zákazníkom a dodávateľského reťazca organizácie za účelom dosiahnutia vyššej efektivity a účinnosti pri dodávaní zákazníckych hodnôt . Od marca do októbra 2008 bol realizovaný výskum, ktorého primárnou úlohou bolo získanie a interpretácia informácií vypovedajúcich o miere využívania CRM v slovenských podnikoch. Výskum bol zameraný na stredné a veľké podniky. 
610 2 0 |a riadenie vzťahov so zákazníkmi 
610 2 0 |a systém CRM 
610 2 0 |a spokojnosť zákazníkov 
610 2 0 |a marketing 
610 2 0 |a manažment 
610 2 0 |a podnik 
610 2 0 |a výskum ekonomický 
100 1 |a Lendel, Viliam